[Event "BUL-ch U20"]
[Site "Sofia"]
[Date "2023.02.04"]
[Round "5"]
[White "Nasar, Lazar"]
[Black "Dimitrov, Martin"]
[Result "0-1"]
[WhiteElo "1909"]
[BlackElo "1778"]
[PlyCount "116"]
[EventDate "2023.02.01"]
[EventType "swiss"]
[EventRounds "7"]
[EventCountry "BUL"]
[SourceTitle "CBM 212 Extra"]
[Source "ChessBase"]
[SourceDate "2023.03.31"]
[SourceVersion "1"]
[SourceVersionDate "2023.03.31"]
[SourceQuality "1"]

1. e4 c5 2. Nf3 g6 3. h4 d6 4. h5 gxh5 5. Rxh5 Bg4 6. Rh4 h5 7. d4 e5 8. Rh1 cxd4 9. c3 Nc6 10. Qb3 Bxf3 11. gxf3 Qc7 12. Bh3 Bh6 13. Na3 a6 14. Rg1 dxc3 15. bxc3 Nge7 16. Nc4 b5 17. Ne3 Na5 18. Qb4 Nb7 19. Ba3 Nc5 20. Rd1 Rb8 21. c4 a5 22. Qd2 b4 23. Bb2 Rd8 24. Ba1 Ne6 25. Bf1 h4 26. Qc2 Bf4 27. Ng4 h3 28. Rh1 Ng5 29. Qd3 Qc8 30. Nf6+ Kf8 31. a3 Kg7 32. Ng4 f5 33. exf5 Qxf5 34. Qxf5 Nxf5 35. Rd3 Kf7 36. axb4 axb4 37. c5 dxc5 38. Bxe5 Rxd3 39. Bxf4 Re8+ 40. Ne3 Nxe3 41. fxe3 Rdxe3+ 42. Bxe3 Rxe3+ 43. Kd2 Rxf3 44. Be2 Ne4+ 45. Kc1 Re3 46. Bg4 Ng5 47. Kd2 Rg3 48. Bc8 h2 49. Ke2 Ra3 50. Bb7 Ke6 51. Kf2 b3 52. Re1+ Kd6 53. Rd1+ Ke5 54. Rd5+ Kf4 55. Kg2 Ra2+ 56. Kh1 Ne4 57. Rf5+ Kxf5 58. Bxe4+ Kg4 0-1

[Event "BUL-ch U20"]
[Site "Sofia"]
[Date "2023.02.03"]
[Round "4"]
[White "Dimitrov, Martin"]
[Black "Dokuzov, Nikolay"]
[Result "1-0"]
[WhiteElo "1778"]
[BlackElo "1470"]
[PlyCount "73"]
[EventDate "2023.02.01"]
[EventType "swiss"]
[EventRounds "7"]
[EventCountry "BUL"]
[SourceTitle "CBM 212 Extra"]
[Source "ChessBase"]
[SourceDate "2023.03.31"]
[SourceVersion "1"]
[SourceVersionDate "2023.03.31"]
[SourceQuality "1"]

1. e4 d5 2. exd5 Nf6 3. Bb5+ Bd7 4. Bc4 Bg4 5. f3 Bf5 6. Nc3 Nbd7 7. g4 Bg6 8. g5 Nb6 9. Bb5+ Nfd7 10. d4 a6 11. Bd3 Nb8 12. Be4 c6 13. dxc6 Nxc6 14. Nge2 e6 15. a3 Be7 16. Rg1 Qc7 17. f4 Rd8 18. Qd3 0-0 19. Be3 Na5 20. b3 Rc8 21. Ra2 Rfd8 22. Bxg6 hxg6 23. Ne4 Nd5 24. Bd2 Nc6 25. c4 Nb6 26. Rg4 Kf8 27. Bc3 Ke8 28. Rh4 Bf8 29. Rh8 Ra8 30. d5 exd5 31. Bxg7 dxe4 32. Rxf8+ Ke7 33. Qxe4+ Kd7 34. Rd2+ Kc8 35. Rdxd8+ Nxd8 36. Bf6 Kd7 37. Qe7+ 1-0

[Event "EU-ch Hybrid U12"]
[Site "Tornelo INT"]
[Date "2021.10.15"]
[Round "7"]
[White "Yalcinkaya, Efe"]
[Black "Dimitrov, Martin"]
[Result "1-0"]
[WhiteElo "1897"]
[BlackElo "1553"]
[PlyCount "81"]
[EventDate "2021.10.15"]
[EventType "swiss"]
[EventRounds "9"]
[EventCountry "NET"]
[SourceTitle "EXT 2023"]
[Source "ChessBase"]
[SourceDate "2022.10.05"]
[SourceVersion "1"]
[SourceVersionDate "2022.10.05"]
[SourceQuality "1"]
[WhiteTeam "Turkey"]
[BlackTeam "Bulgaria"]
[WhiteTeamCountry "TUR"]
[BlackTeamCountry "BUL"]

1. e4 c5 2. Nf3 g6 3. c3 Bg7 4. d4 cxd4 5. cxd4 d5 6. e5 Bg4 7. Bb5+ Nd7 8. Nc3 e6 9. h3 Bxf3 10. Qxf3 Ne7 11. 0-0 Nf5 12. Be3 0-0 13. Na4 a6 14. Bxd7 Qxd7 15. Nb6 Qd8 16. Nxa8 Qxa8 17. Qe2 Qa7 18. Rfd1 f6 19. exf6 Bxf6 20. Rac1 Qb6 21. Qd2 Nd6 22. Qc3 Nb5 23. Qc5 Qa5 24. a4 Qxa4 25. Qb6 Re8 26. Qxb7 Nxd4 27. Bxd4 Bxd4 28. b3 Qa3 29. Rc8 Bxf2+ 30. Kf1 Rf8 31. Rxf8+ Qxf8 32. Ke2 Qc5 33. Qb8+ Kf7 34. Qf4+ Kg7 35. Qxf2 Qc2+ 36. Ke1 Qc3+ 37. Kf1 Qxb3 38. Qd4+ Kf7 39. Kg1 Qb7 40. Rf1+ Ke8 41. Qh8+ 1-0

[Event "EU-ch U10"]
[Site "Bratislava"]
[Date "2019.08.07"]
[Round "6"]
[White "Agasarov, Benik"]
[Black "Dimitrov, Martin"]
[Result "1-0"]
[WhiteElo "1697"]
[BlackElo "1473"]
[PlyCount "101"]
[EventDate "2019.08.02"]
[EventType "swiss"]
[EventRounds "9"]
[EventCountry "SVK"]
[SourceTitle "EXT 2020"]
[Source "ChessBase"]
[SourceDate "2019.10.17"]
[SourceVersion "1"]
[SourceVersionDate "2019.10.17"]
[SourceQuality "1"]

1. Nf3 d5 2. g3 c6 3. Bg2 Bf5 4. 0-0 Nf6 5. d4 e6 6. Nbd2 Nbd7 7. c4 h6 8. b3 Bd6 9. Bb2 0-0 10. Re1 a5 11. a3 Qe7 12. Ne5 Bc7 13. Qc1 Rac8 14. Nxd7 Nxd7 15. e4 dxe4 16. Bxe4 Bxe4 17. Nxe4 Rfd8 18. Qc3 Qf8 19. Rad1 e5 20. d5 cxd5 21. Rxd5 Nb6 22. Rb5 a4 23. b4 Rd4 24. c5 Nc4 25. Rxb7 f5 26. Nd6 Bxd6 27. cxd6 Nxb2 28. Qxb2 Qxd6 29. Rb5 Re8 30. Qa2+ Kf8 31. Qc2 Qd7 32. Rbxe5 Rxe5 33. Rxe5 Rd1+ 34. Kg2 Rd5 35. Rxd5 Qxd5+ 36. Kg1 Ke7 37. Qxa4 Qe5 38. Qa7+ Kf8 39. Qe3 Qf6 40. b5 Qd6 41. b6 Qc6 42. Qb3 Qc1+ 43. Kg2 Qc6+ 44. f3 Qb7 45. a4 Ke7 46. a5 Kf6 47. Qc3+ Ke6 48. Qc4+ Kf6 49. Qb5 g5 50. a6 Qf7 51. Qb2+ 1-0

[Event "EU-ch U08 27th"]
[Site "Mamaia"]
[Date "2017.09.06"]
[Round "2"]
[White "Dimitrov, Martin"]
[Black "Kalin, Andrei"]
[Result "1-0"]
[WhiteElo "1489"]
[BlackElo "1177"]
[PlyCount "63"]
[EventDate "2017.09.05"]
[EventType "swiss"]
[EventRounds "9"]
[EventCountry "ROU"]
[SourceTitle "CBM 180 Extra"]
[Source "ChessBase"]
[SourceDate "2017.10.06"]
[SourceVersion "1"]
[SourceVersionDate "2017.10.06"]
[SourceQuality "1"]

1. e4 e5 2. Nc3 Nf6 3. f4 d6 4. Bc4 Be6 5. Bxe6 fxe6 6. fxe5 dxe5 7. Nf3 Nc6 8. 0-0 Bc5+ 9. Kh1 0-0 10. d3 Qd7 11. Bg5 Ng4 12. Qe2 h6 13. Bd2 Nd4 14. Nxd4 Rxf1+ 15. Rxf1 Qxd4 16. Qxg4 Rf8 17. Rxf8+ Kxf8 18. Qf3+ Kg8 19. Qf1 c6 20. h3 a6 21. a3 Bb6 22. b4 a5 23. Na4 Ba7 24. Bc3 Qd6 25. bxa5 Qxa3 26. Qa1 Qd6 27. Bxe5 Qf8 28. Kh2 Qf2 29. Bxg7 Qxc2 30. Bxh6 Bb8+ 31. Kh1 Qxd3 32. Qg7# 1-0

[Event "EU-ch U08 27th"]
[Site "Mamaia"]
[Date "2017.09.05"]
[Round "1"]
[White "Olszewski, Antoni"]
[Black "Dimitrov, Martin"]
[Result "0-1"]
[WhiteElo "1077"]
[BlackElo "1489"]
[PlyCount "27"]
[EventDate "2017.09.05"]
[EventType "swiss"]
[EventRounds "9"]
[EventCountry "ROU"]
[SourceTitle "CBM 180 Extra"]
[Source "ChessBase"]
[SourceDate "2017.10.06"]
[SourceVersion "1"]
[SourceVersionDate "2017.10.06"]
[SourceQuality "1"]

1. d4 g6 2. c4 Bg7 3. e4 d6 4. Be3 Nf6 5. Bd3 0-0 6. h3 Nbd7 7. Nf3 a6 8. Nc3 b6 9. 0-0 Bb7 10. a4 c5 11. d5 e6 12. Qd2 exd5 13. exd5 Re8 14. Bh6 0-1

[Event "EU Union-ch U08 15th"]
[Site "Mureck"]
[Date "2017.08.05"]
[Round "4"]
[White "Foldes, Marton Gabor"]
[Black "Dimitrov, Martin"]
[Result "0-1"]
[WhiteElo "1069"]
[BlackElo "1461"]
[PlyCount "78"]
[EventDate "2017.08.02"]
[EventType "swiss"]
[EventRounds "9"]
[EventCountry "AUT"]
[SourceTitle "CBM 180 Extra"]
[Source "ChessBase"]
[SourceDate "2017.10.06"]
[SourceVersion "1"]
[SourceVersionDate "2017.10.06"]
[SourceQuality "1"]

1. e4 d5 2. exd5 Qxd5 3. Nc3 Qd8 4. d4 g6 5. Nf3 Bg7 6. Be3 Nf6 7. h3 0-0 8. Qd2 Bf5 9. 0-0-0 c6 10. Bd3 Bxd3 11. Qxd3 e6 12. Bg5 Nbd7 13. Qe3 Nb6 14. Ne5 Qc7 15. Bf4 Nfd5 16. Qg3 Nxf4 17. Qxf4 f6 18. Nd3 Qxf4+ 19. Nxf4 Bh6 20. g3 e5 21. Nce2 exf4 22. gxf4 Nd5 23. Kb1 Nxf4 24. Nc3 Rad8 25. Ne4 Bg7 26. c3 Rfe8 27. Nc5 b6 28. Nb3 Re2 29. Rdf1 Nd3 30. Rd1 Nxb2 31. Rd2 Rxd2 32. Nxd2 Nd3 33. f3 Re8 34. Rh2 Re3 35. a3 Ne1 36. Rf2 Rxc3 37. Kb2 Rd3 38. Kc1 Rxd4 39. Re2 Bh6 0-1